Plant diversification (Record no. 26433)

MARC details
000 -LEADER
fixed length control field 00325nam a2200133Ia 4500
082 ## - DEWEY DECIMAL CLASSIFICATION NUMBER
Classification number 58/581
Item number DEL
100 ## - MAIN ENTRY--AUTHOR NAME
Personal name Delevoryas, Theodore
245 #0 - TITLE STATEMENT
Title Plant diversification
250 ## - EDITION STATEMENT
Edition statement Ed.2
260 ## - PUBLICATION, DISTRIBUTION, ETC. (IMPRINT)
Place of publication New York
Name of publisher Holt Reinhart
Year of publication 1977
650 ## - SUBJECT ADDED ENTRY--TOPICAL TERM
Topical Term Paleobotany
942 ## - ADDED ENTRY ELEMENTS (KOHA)
Koha item type Books
Holdings
Withdrawn status Lost status Damaged status Not for loan Home library Current library Date acquired Full call number Accession Number Koha item type
        RRII Library RRII Library 16/12/2021 58/581 DEL 07069 Books